[Event "Titled Tuesday intern op 04th Mar Early"]
[Site "Chess.com INT"]
[Date "2025.03.04"]
[Round "4"]
[White "Gales, Randi Ioan"]
[Black "Svidler, Peter"]
[Result "1/2-1/2"]
[WhiteElo "2215"]
[BlackElo "2698"]
[PlyCount "65"]
[EventDate "2025.03.04"]
[EventType "swiss (blitz)"]
[EventRounds "11"]
[EventCountry "USA"]
[SourceTitle "CB11_2025"]
[SourceDate "2025.03.12"]
[SourceVersion "1"]
[SourceVersionDate "2025.03.12"]
[SourceQuality "1"]

1. d4 Nf6 2. c4 g6 3. Nc3 d5 4. cxd5 Nxd5 5. Qb3 Nxc3 6. bxc3 c5 7. Nf3 Nc6 8. e3 Bg7 9. Be2 0-0 10. 0-0 b6 11. Ba3 Qc7 12. dxc5 Na5 13. Qb4 Bd7 14. Nd4 e5 15. Nb5 Bxb5 16. Bxb5 Rfd8 17. Rfd1 Bf8 18. Qe4 Bxc5 19. Bb2 Rxd1+ 20. Rxd1 Rd8 21. Rd5 Rxd5 22. Qxd5 Qd6 23. c4 Qxd5 24. cxd5 f6 25. Ba6 Kf7 26. Bc3 Ke7 27. Bxa5 bxa5 28. Kf1 Kd6 29. e4 f5 30. f3 Bb6 31. Ke2 Kc5 32. Kd3 f4 33. a3 1/2-1/2

[Event "Titled Tuesday intern op 04th Mar Early"]
[Site "Chess.com INT"]
[Date "2025.03.04"]
[Round "2"]
[White "Jaskolka, Tomasz"]
[Black "Svidler, Peter"]
[Result "1-0"]
[WhiteElo "2198"]
[BlackElo "2698"]
[PlyCount "113"]
[EventDate "2025.03.04"]
[EventType "swiss (blitz)"]
[EventRounds "11"]
[EventCountry "USA"]
[SourceTitle "CB11_2025"]
[SourceDate "2025.03.12"]
[SourceVersion "1"]
[SourceVersionDate "2025.03.12"]
[SourceQuality "1"]

1. d4 Nf6 2. Bf4 c5 3. c3 Qb6 4. Qb3 Qxb3 5. axb3 cxd4 6. cxd4 Nc6 7. e3 d6 8. Nf3 Bd7 9. Bc4 a6 10. Nc3 Rc8 11. 0-0 g6 12. Ng5 Nd8 13. Rfc1 Bg7 14. h3 0-0 15. Nd5 Nxd5 16. Bxd5 Bc6 17. Rc2 h6 18. Nf3 Ne6 19. Bxc6 Rxc6 20. Rxc6 bxc6 21. Rxa6 Nxf4 22. exf4 Rb8 23. Rxc6 Rxb3 24. Rc8+ Kh7 25. Rc2 Bf6 26. Kf1 g5 27. fxg5 hxg5 28. Ke2 Kg6 29. Rd2 d5 30. Kd1 Kf5 31. Kc2 Rb8 32. Re2 Kf4 33. Ne5 Bxe5 34. Rxe5 e6 35. g3+ Kf3 36. Rxg5 Kxf2 37. h4 Ke3 38. Rg7 Kxd4 39. Rxf7 e5 40. h5 Ke3 41. h6 d4 42. Rd7 e4 43. h7 d3+ 44. Kc3 Rc8+ 45. Kb4 Kd2 46. g4 e3 47. g5 e2 48. Re7 e1Q 49. Rxe1 Kxe1 50. g6 d2 51. g7 d1Q 52. g8Q Qd4+ 53. Kb3 Qb6+ 54. Ka2 Qa6+ 55. Kb1 Qd3+ 56. Ka2 Qc4+ 57. Qxc4 1-0

[Event "Titled Tuesday intern op 04th Mar Early"]
[Site "Chess.com INT"]
[Date "2025.03.04"]
[Round "3"]
[White "Svidler, Peter"]
[Black "Pribelszky, Bence Daniel"]
[Result "1-0"]
[WhiteElo "2698"]
[BlackElo "2400"]
[PlyCount "59"]
[EventDate "2025.03.04"]
[EventType "swiss (blitz)"]
[EventRounds "11"]
[EventCountry "USA"]
[SourceTitle "CB11_2025"]
[SourceDate "2025.03.12"]
[SourceVersion "1"]
[SourceVersionDate "2025.03.12"]
[SourceQuality "1"]

1. e4 c5 2. Nf3 e6 3. d4 cxd4 4. Nxd4 a6 5. a3 Nc6 6. Be3 Nf6 7. Nc3 Qc7 8. g4 h6 9. Rg1 d5 10. exd5 exd5 11. Qf3 Qxh2 12. Rg2 Qd6 13. 0-0-0 Bxg4 14. Rxg4 Ne5 15. Qg3 Nexg4 16. Bf4 Qd7 17. Ncb5 Rc8 18. Re1+ Kd8 19. Na7 Bc5 20. Nxc8 Bxd4 21. Nd6 Bxf2 22. Qb3 Bxe1 23. Nxb7+ Ke8 24. Nd6+ Kf8 25. Qb8+ Ne8 26. Nxe8 Ke7 27. Bd6+ Ke6 28. Nxg7+ Kf6 29. Qxh8 Qxd6 30. Ne8+ 1-0

[Event "Chessable Masters Play In"]
[Site "Chess.com INT"]
[Date "2025.02.17"]
[Round "1"]
[White "Bologan, Viktor"]
[Black "Svidler, Peter"]
[Result "1-0"]
[WhiteElo "2603"]
[BlackElo "2696"]
[PlyCount "77"]
[EventDate "2025.02.17"]
[EventType "swiss (blitz)"]
[EventRounds "9"]
[EventCountry "USA"]
[SourceTitle "CB08_2025"]
[SourceDate "2025.02.19"]
[SourceVersion "1"]
[SourceVersionDate "2025.02.19"]
[SourceQuality "1"]

1. e4 c5 2. Nf3 d6 3. Bb5+ Nd7 4. 0-0 a6 5. Bd3 Ngf6 6. c3 b5 7. Bc2 Bb7 8. Re1 Rc8 9. a4 b4 10. cxb4 cxb4 11. d4 Qc7 12. Bd3 Nxe4 13. Nbd2 Nef6 14. Qe2 a5 15. Nc4 Bd5 16. Bf4 Kd8 17. Rac1 Qa7 18. Ne3 Rxc1 19. Rxc1 e6 20. Ng5 Nb6 21. Bb5 h6 22. Nxd5 Nfxd5 23. Nh3 g5 24. Bg3 Ke7 25. Bxd6+ Kxd6 26. Qe5+ Ke7 27. Qxh8 Nf6 28. d5 Nfxd5 29. Qd4 Qb8 30. Rc6 Qd8 31. f4 gxf4 32. Nf2 Nd7 33. Ne4 f5 34. Nd6 N7f6 35. Qe5 Qd7 36. Nxf5+ Kf7 37. Nd4 Qa7 38. Kh1 Be7 39. Qxe6+ 1-0

[Event "Chessable Masters Play In"]
[Site "Chess.com INT"]
[Date "2025.02.17"]
[Round "3"]
[White "Murzin, Volodar"]
[Black "Svidler, Peter"]
[Result "1/2-1/2"]
[WhiteElo "2657"]
[BlackElo "2696"]
[PlyCount "65"]
[EventDate "2025.02.17"]
[EventType "swiss (blitz)"]
[EventRounds "9"]
[EventCountry "USA"]
[SourceTitle "CB08_2025"]
[SourceDate "2025.02.19"]
[SourceVersion "1"]
[SourceVersionDate "2025.02.19"]
[SourceQuality "1"]

1. d4 Nf6 2. Nf3 g6 3. Bg5 Bg7 4. Nc3 d5 5. h4 h6 6. Bf4 c5 7. e3 Bg4 8. Bxb8 Rxb8 9. Bb5+ Kf8 10. Be2 cxd4 11. exd4 Ne4 12. Ne5 Nxc3 13. bxc3 Bxe2 14. Qxe2 Qc7 15. 0-0 h5 16. Qf3 Bxe5 17. dxe5 Qxe5 18. Rfe1 Qf5 19. Qe3 Qf6 20. Rad1 Rc8 21. Rd4 Rc6 22. Qd2 Kg7 23. Rxd5 Rhc8 24. Rd7 Rxc3 25. Rexe7 Rxc2 26. Rxf7+ Qxf7 27. Qd4+ Kg8 28. Rxf7 Kxf7 29. Qd5+ Kg7 30. Qe5+ Kf7 31. Qd5+ Kg7 32. Qe5+ Kf7 33. Qd5+ 1/2-1/2

[Event "Chessable Masters Play In"]
[Site "Chess.com INT"]
[Date "2025.02.17"]
[Round "5"]
[White "Svidler, Peter"]
[Black "Aravindh, Chithambaram VR"]
[Result "1-0"]
[WhiteElo "2696"]
[BlackElo "2729"]
[PlyCount "93"]
[EventDate "2025.02.17"]
[EventType "swiss (blitz)"]
[EventRounds "9"]
[EventCountry "USA"]
[SourceTitle "CB08_2025"]
[SourceDate "2025.02.19"]
[SourceVersion "1"]
[SourceVersionDate "2025.02.19"]
[SourceQuality "1"]

1. Nf3 Nf6 2. g3 b6 3. Bg2 Bb7 4. d3 d5 5. 0-0 e6 6. e4 c5 7. e5 Nfd7 8. c4 d4 9. Re1 Be7 10. h4 Nc6 11. Bf4 h6 12. h5 g5 13. hxg6 fxg6 14. Na3 a6 15. Nc2 Qc7 16. b4 g5 17. Bd2 g4 18. Nh2 h5 19. bxc5 Nxc5 20. Bf4 0-0-0 21. Rb1 Rhg8 22. Na1 Bg5 23. Bxg5 Rxg5 24. Nb3 Na4 25. Nxd4 Nxd4 26. Qxa4 h4 27. Bxb7+ Qxb7 28. Re4 hxg3 29. fxg3 Nf5 30. Nf1 Rh5 31. Qb3 Nd4 32. Qxb6 Nf3+ 33. Kf2 Qxb6+ 34. Rxb6 Rxd3 35. Rxg4 Rxe5 36. Rg8+ Kc7 37. Rxa6 Nd4 38. Rg7+ Kb8 39. Kg2 Rd1 40. Rd6 Kc8 41. Kh3 Re2 42. c5 Ree1 43. Ra6 Kb8 44. c6 Nxc6 45. Rb6+ Kc8 46. Rxc6+ Kd8 47. Ra6 1-0

[Event "Chessable Masters Play In"]
[Site "Chess.com INT"]
[Date "2025.02.17"]
[Round "4"]
[White "Svidler, Peter"]
[Black "Atabayev, Saparmyrat"]
[Result "1-0"]
[WhiteElo "2696"]
[BlackElo "2516"]
[PlyCount "121"]
[EventDate "2025.02.17"]
[EventType "swiss (blitz)"]
[EventRounds "9"]
[EventCountry "USA"]
[SourceTitle "CB08_2025"]
[SourceDate "2025.02.19"]
[SourceVersion "1"]
[SourceVersionDate "2025.02.19"]
[SourceQuality "1"]

1. e4 e5 2. Nf3 Nf6 3. Nxe5 d6 4. Nf3 Nxe4 5. Nc3 Nxc3 6. dxc3 Be7 7. Qd4 Bf6 8. Qf4 Nc6 9. Be3 Be6 10. 0-0-0 Qd7 11. Kb1 h6 12. h3 a6 13. g4 0-0-0 14. Bg2 Kb8 15. Nd4 Nxd4 16. Bxd4 Bxd4 17. cxd4 Qa4 18. b3 Qb4 19. Kb2 Rhe8 20. a3 Qb6 21. Rhe1 f6 22. h4 Bd7 23. Re3 Rxe3 24. fxe3 Bc6 25. Bf1 a5 26. Bd3 Bb5 27. Bg6 Be8 28. Bd3 Bb5 29. Bf5 a4 30. b4 Qc6 31. g5 hxg5 32. hxg5 Rf8 33. Rg1 Qd5 34. Be4 Qe6 35. Qf3 Re8 36. Bxb7 Qxe3 37. Qxe3 Rxe3 38. gxf6 gxf6 39. Bd5 c6 40. Bf7 d5 41. Rg6 Rf3 42. Be6 Kc7 43. Rg7+ Kd8 44. Rd7+ Ke8 45. Rc7 f5 46. Rb7 Rf4 47. Bxd5 Rxd4 48. c4 Bxc4 49. Bxc6+ Kd8 50. Kc3 Rd6 51. b5 Bd5 52. Bxd5 Rxd5 53. Kb4 Rd7 54. Rb8+ Ke7 55. b6 f4 56. Kb5 Rd8 57. Rxd8 Kxd8 58. Ka6 f3 59. b7 f2 60. b8Q+ Kd7 61. Qf4 1-0

[Event "Chessable Masters Play In"]
[Site "Chess.com INT"]
[Date "2025.02.17"]
[Round "8"]
[White "Tari, Aryan"]
[Black "Svidler, Peter"]
[Result "1/2-1/2"]
[WhiteElo "2621"]
[BlackElo "2696"]
[PlyCount "57"]
[EventDate "2025.02.17"]
[EventType "swiss (blitz)"]
[EventRounds "9"]
[EventCountry "USA"]
[SourceTitle "CB08_2025"]
[SourceDate "2025.02.19"]
[SourceVersion "1"]
[SourceVersionDate "2025.02.19"]
[SourceQuality "1"]

1. e4 c5 2. Nf3 e6 3. d4 cxd4 4. Nxd4 a6 5. a3 Nf6 6. Nc3 Qc7 7. f4 d6 8. Be3 b5 9. Qf3 Bb7 10. g4 d5 11. e5 Ne4 12. Nxe4 dxe4 13. Qf2 Nd7 14. 0-0-0 Be7 15. h4 Rc8 16. Kb1 0-0 17. h5 Nb6 18. Bg2 Nd5 19. h6 g6 20. Rhe1 Rfd8 21. Nb3 Bh4 22. Qxh4 Qxc2+ 23. Ka1 Qxb3 24. Bxe4 b4 25. Rd3 Qc4 26. Rd4 Qb3 27. Rd3 Qc4 28. Rd4 Qb3 29. Rd3 1/2-1/2

[Event "Titled Tuesday intern op 11th Feb Early"]
[Site "Chess.com INT"]
[Date "2025.02.11"]
[Round "2"]
[White "Bolashakov, Nurali"]
[Black "Svidler, Peter"]
[Result "1-0"]
[WhiteElo "2034"]
[BlackElo "2696"]
[PlyCount "20"]
[EventDate "2025.02.11"]
[EventType "swiss (blitz)"]
[EventRounds "11"]
[EventCountry "USA"]
[SourceTitle "CB09_2025"]
[SourceDate "2025.02.27"]
[SourceVersion "1"]
[SourceVersionDate "2025.02.27"]
[SourceQuality "1"]

1. e4 c5 2. Nf3 d6 3. d4 cxd4 4. Nxd4 Nf6 5. Nc3 a6 6. h3 e5 7. Nde2 h5 8. g3 b5 9. a3 Bb7 10. Bg2 Nbd7 1-0

[Event "Bundesliga 2425"]
[Site "Germany"]
[Date "2025.01.12"]
[Round "6.6"]
[White "Ferreira, Jorge Viterbo"]
[Black "Svidler, Peter"]
[Result "1/2-1/2"]
[WhiteElo "2535"]
[BlackElo "2698"]
[PlyCount "48"]
[EventDate "2024.09.28"]
[EventType "team-tourn"]
[EventRounds "15"]
[EventCountry "GER"]
[SourceTitle "CB06_2025"]
[SourceDate "2025.02.05"]
[SourceVersion "1"]
[SourceVersionDate "2025.02.05"]
[SourceQuality "1"]
[WhiteTeam "Heimbach Weis Neuwied"]
[BlackTeam "Baden-Baden"]
[WhiteTeamCountry "GER"]
[BlackTeamCountry "GER"]

1. e4 c5 2. Nf3 d6 3. Bb5+ Nd7 4. 0-0 a6 5. Bxd7+ Bxd7 6. c3 Nf6 7. Re1 Bc6 8. d4 Bxe4 9. Bg5 Bd5 10. c4 Bxf3 11. Qxf3 cxd4 12. Bxf6 gxf6 13. Qxf6 Rg8 14. Qxd4 Bg7 15. Qd2 Rc8 16. Qb4 Qd7 17. Nd2 Kf8 18. Re4 Bf6 19. Rae1 b5 20. g3 Rg5 21. Nf3 Rgc5 22. b3 bxc4 23. bxc4 a5 24. Qb3 d5 1/2-1/2

[Event "Bundesliga 2425"]
[Site "Germany"]
[Date "2025.01.11"]
[Round "5.6"]
[White "Svidler, Peter"]
[Black "Aravindh, Chithambaram VR"]
[Result "1/2-1/2"]
[WhiteElo "2698"]
[BlackElo "2698"]
[PlyCount "194"]
[EventDate "2024.09.28"]
[EventType "team-tourn"]
[EventRounds "15"]
[EventCountry "GER"]
[SourceTitle "CB06_2025"]
[SourceDate "2025.02.05"]
[SourceVersion "1"]
[SourceVersionDate "2025.02.05"]
[SourceQuality "1"]
[WhiteTeam "Baden-Baden"]
[BlackTeam "Viernheim"]
[WhiteTeamCountry "GER"]
[BlackTeamCountry "GER"]

1. e4 c5 2. Nf3 e6 3. d4 cxd4 4. Nxd4 Nf6 5. Nc3 Nc6 6. a3 Be7 7. Nxc6 bxc6 8. e5 Nd5 9. Qg4 g6 10. Qg3 d6 11. Ne4 dxe5 12. h4 f5 13. Qxe5 Rg8 14. Ng5 Bf6 15. Qe2 Rg7 16. c4 Nb6 17. Nf3 e5 18. h5 g5 19. h6 Rf7 20. g4 e4 21. Nd2 Re7 22. Bg2 Qd4 23. 0-0 Kf7 24. Rd1 Kg6 25. a4 e3 26. fxe3 Rxe3 27. Nf3 Rxe2+ 28. Nxd4 Rxg2+ 29. Kxg2 f4 30. Kh3 Kxh6 31. Nxc6 Kg7 32. a5 Nxc4 33. Ra4 h5 34. Kg2 Bxg4 35. Rd5 Be6 36. Rc5 Nd6 37. Nd4 Bg4 38. Nf3 Rc8 39. Rxc8 Bxc8 40. Nxg5 Bxg5 41. Bxf4 Be7 42. Rb4 Kf7 43. Rb8 Bb7+ 44. Kh3 Bc6 45. Rh8 Bd7+ 46. Kg2 Bc6+ 47. Kh3 h4 48. Rh7+ Ke8 49. Rh6 Bd7+ 50. Kh2 Nb5 51. Rh8+ Kf7 52. a6 Bf6 53. Rh7+ Ke8 54. Rh6 Ke7 55. Rh7+ Ke6 56. Bb8 Bg5 57. b3 Bf6 58. Kg2 Bc6+ 59. Kh3 Be7 60. Rh6+ Kd7 61. Rh7 Bd5 62. Rh5 Bc6 63. Bf4 Ke6 64. Bg5 Bxg5 65. Rxg5 Nd4 66. Rg6+ Kd5 67. Rg7 Nb5 68. Kxh4 Kc5 69. Kg3 Kb6 70. Kf2 Nd4 71. Rg4 Ne6 72. Ke3 Nc5 73. b4 Nxa6 74. Kd2 Nc7 75. Rg5 Bd5 76. Kc3 a6 77. Rg7 Nb5+ 78. Kb2 Nd4 79. Rg4 Nb5 80. Rg6+ Bc6 81. Rg5 Nd4 82. Kc3 Ne6 83. Re5 Nc7 84. Rg5 Nb5+ 85. Kb2 Nd6 86. Rh5 Kc7 87. Rh7+ Kb6 88. Rh5 Nf7 89. Rf5 Nd8 90. Kc3 Ne6 91. Re5 Nf4 92. Rf5 Ne2+ 93. Kd3 Be4+ 94. Kxe2 Bxf5 95. Kd2 Kb5 96. Kc3 a5 97. bxa5 Kxa5 1/2-1/2

[Event "London TechM GCL"]
[Site "London"]
[Date "2024.10.11"]
[Round "10.3"]
[White "Svidler, Peter"]
[Black "Maghsoodloo, Parham"]
[Result "0-1"]
[WhiteElo "2698"]
[BlackElo "2719"]
[PlyCount "110"]
[EventDate "2024.10.03"]
[EventType "team-tourn (rapid)"]
[EventRounds "10"]
[EventCountry "ENG"]
[SourceTitle "CB42_2024"]
[Source "ChessBase"]
[SourceDate "2024.10.16"]
[SourceVersion "1"]
[SourceVersionDate "2024.10.16"]
[SourceQuality "1"]
[WhiteTeam "Mumba Masters"]
[BlackTeam "Ganges Grandmasters"]
[WhiteTeamCountry "IND"]
[BlackTeamCountry "IND"]

1. e4 c5 2. Nf3 d6 3. Bb5+ Nd7 4. d4 cxd4 5. Nxd4 Ngf6 6. Bd3 Nc5 7. Nc3 a6 8. 0-0 e6 9. a4 b6 10. b4 Ncd7 11. f4 Qc7 12. Bd2 Bb7 13. Qe2 g6 14. f5 exf5 15. exf5+ Be7 16. Ne4 0-0 17. fxg6 hxg6 18. Bh6 Nxe4 19. Bxe4 Bf6 20. Rxf6 Nxf6 21. Bxb7 Qxb7 22. Bxf8 Rxf8 23. Rf1 Re8 24. Qd3 Ng4 25. h3 Ne3 26. Rf3 Nd5 27. c3 Re1+ 28. Kf2 Ra1 29. Ne2 Ra2 30. Kg1 Rxa4 31. Qe4 Ra1+ 32. Kh2 Re1 33. Rf2 b5 34. Qf3 Qa7 35. Nd4 Ne3 36. Qf6 Qd7 37. Rf3 Nd5 38. Qh4 Qe7 39. Qf2 Re3 40. Rxe3 Qxe3 41. Qh4 Qe5+ 42. Kh1 Nxc3 43. Nc6 Qe6 44. Ne7+ Kg7 45. Nc6 Ne4 46. Nd4 Qe5 47. Nf3 Qa1+ 48. Kh2 d5 49. Qd8 Qf6 50. Qxd5 Qd6+ 51. Qxd6 Nxd6 52. Ne5 Nc4 53. Nd3 a5 54. bxa5 Nxa5 55. Nb4 Kf6 0-1

[Event "London TechM GCL"]
[Site "London"]
[Date "2024.10.10"]
[Round "9.3"]
[White "Svidler, Peter"]
[Black "Yu, Yangyi"]
[Result "1/2-1/2"]
[WhiteElo "2698"]
[BlackElo "2717"]
[PlyCount "78"]
[EventDate "2024.10.03"]
[EventType "team-tourn (rapid)"]
[EventRounds "10"]
[EventCountry "ENG"]
[SourceTitle "CB42_2024"]
[Source "ChessBase"]
[SourceDate "2024.10.16"]
[SourceVersion "1"]
[SourceVersionDate "2024.10.16"]
[SourceQuality "1"]
[WhiteTeam "Mumba Masters"]
[BlackTeam "American Gambits"]
[WhiteTeamCountry "IND"]
[BlackTeamCountry "USA"]

1. c4 e6 2. g3 d5 3. Bg2 Nf6 4. Nf3 Be7 5. 0-0 0-0 6. d3 Nc6 7. cxd5 exd5 8. d4 Bf5 9. Nc3 Ne4 10. Bf4 Bf6 11. Rc1 Re8 12. Nb5 Rc8 13. Qb3 Na5 14. Qa4 c6 15. Nc7 Rxc7 16. Qxa5 Nd6 17. Qxa7 Rxe2 18. Rfe1 Re4 19. Ne5 Rxe1+ 20. Rxe1 Re7 21. Bd2 Nb5 22. Qc5 Re6 23. Nf3 Re4 24. Rxe4 Bxe4 25. a4 Be7 26. Qc1 Bxf3 27. axb5 Bxg2 28. Kxg2 cxb5 29. Bf4 h6 30. g4 Qd7 31. h3 Bf6 32. Qe3 Qc6 33. Be5 Bd8 34. b3 Bg5 35. Bf4 Bh4 36. Bg3 Bxg3 37. Kxg3 b4 38. Kg2 Kf8 39. Qe5 Kg8 1/2-1/2

[Event "London TechM GCL"]
[Site "London"]
[Date "2024.10.09"]
[Round "8.1"]
[White "Svidler, Peter"]
[Black "Mamedyarov, Shakhriyar"]
[Result "0-1"]
[WhiteElo "2698"]
[BlackElo "2733"]
[PlyCount "122"]
[EventDate "2024.10.03"]
[EventType "team-tourn (rapid)"]
[EventRounds "10"]
[EventCountry "ENG"]
[SourceTitle "CB42_2024"]
[Source "ChessBase"]
[SourceDate "2024.10.16"]
[SourceVersion "1"]
[SourceVersionDate "2024.10.16"]
[SourceQuality "1"]
[WhiteTeam "Mumba Masters"]
[BlackTeam "PBG Alaskan Knights"]
[WhiteTeamCountry "IND"]
[BlackTeamCountry "USA"]

1. e4 e5 2. Nf3 Nc6 3. Bb5 a6 4. Ba4 b5 5. Bb3 Na5 6. 0-0 d6 7. d4 exd4 8. Nxd4 Bb7 9. c4 c5 10. Nf5 g6 11. Ne3 Bg7 12. Nc3 Ne7 13. cxb5 axb5 14. Nxb5 0-0 15. Bc2 d5 16. exd5 Nxd5 17. Nxd5 Bxd5 18. Nc7 Qxc7 19. Qxd5 Rad8 20. Qg5 Nc4 21. Bf4 Qa5 22. Rae1 Nxb2 23. Be3 Rc8 24. Bb3 Qb4 25. Bd2 Qb6 26. Be3 Nd3 27. Rd1 Qa6 28. Qd5 Rcd8 29. Qc4 Qxc4 30. Bxc4 Nb2 31. Rc1 Bd4 32. Bxd4 cxd4 33. Bb3 Rc8 34. Rb1 Nd3 35. Rbd1 Rc3 36. Rd2 Rd8 37. Rfd1 Nc5 38. g3 d3 39. Kg2 Kg7 40. Rb2 f5 41. Rdd2 Kf6 42. Rb1 g5 43. Bd1 g4 44. h3 h5 45. hxg4 hxg4 46. Rdb2 d2 47. Rc2 Ne4 48. Kf1 Rxc2 49. Bxc2 Nc3 50. Rb6+ Kg5 51. Rc6 d1Q+ 52. Bxd1 Rxd1+ 53. Kg2 Nxa2 54. f4+ gxf3+ 55. Kxf3 Rd3+ 56. Kg2 Nc3 57. Rc8 Rd2+ 58. Kf3 Rd3+ 59. Kg2 Ne4 60. Rg8+ Kf6 61. g4 Rg3+ 0-1

[Event "London TechM GCL"]
[Site "London"]
[Date "2024.10.04"]
[Round "2.1"]
[White "Maghsoodloo, Parham"]
[Black "Svidler, Peter"]
[Result "1-0"]
[WhiteElo "2719"]
[BlackElo "2698"]
[PlyCount "77"]
[EventDate "2024.10.03"]
[EventType "team-tourn (rapid)"]
[EventRounds "10"]
[EventCountry "ENG"]
[SourceTitle "CB42_2024"]
[Source "ChessBase"]
[SourceDate "2024.10.16"]
[SourceVersion "1"]
[SourceVersionDate "2024.10.16"]
[SourceQuality "1"]
[WhiteTeam "Ganges Grandmasters"]
[BlackTeam "Mumba Masters"]
[WhiteTeamCountry "IND"]
[BlackTeamCountry "IND"]

1. Nf3 Nf6 2. c4 c5 3. b3 g6 4. g3 Bg7 5. Bb2 b6 6. Bg2 Bb7 7. 0-0 0-0 8. d4 Na6 9. Nc3 d5 10. Ne5 e6 11. Nb5 Nc7 12. dxc5 bxc5 13. Nc3 Nd7 14. Nxd7 Qxd7 15. Rc1 Bc6 16. cxd5 Nxd5 17. Rc2 Qb7 18. Ne4 Ne3 19. Nxc5 Nxd1 20. Nxb7 Bxg2 21. Bxg7 Bxf1 22. Bxf8 Bxe2 23. Bh6 Bf3 24. Nd6 e5 25. h4 Rd8 26. Rc7 Bd5 27. Nb5 a6 28. Na3 Nb2 29. Bg5 Re8 30. Rc3 Be4 31. f3 Nd1 32. Rc7 Bxf3 33. Nc4 Bd5 34. Nd6 Rb8 35. Kf1 Kg7 36. Ke2 h6 37. Bc1 Rd8 38. Ba3 Nb2 39. Bxb2 1-0

[Event "London TechM GCL"]
[Site "London"]
[Date "2024.10.04"]
[Round "3.1"]
[White "Mamedyarov, Shakhriyar"]
[Black "Svidler, Peter"]
[Result "1/2-1/2"]
[WhiteElo "2733"]
[BlackElo "2698"]
[PlyCount "41"]
[EventDate "2024.10.03"]
[EventType "team-tourn (rapid)"]
[EventRounds "10"]
[EventCountry "ENG"]
[SourceTitle "CB42_2024"]
[Source "ChessBase"]
[SourceDate "2024.10.16"]
[SourceVersion "1"]
[SourceVersionDate "2024.10.16"]
[SourceQuality "1"]
[WhiteTeam "PBG Alaskan Knights"]
[BlackTeam "Mumba Masters"]
[WhiteTeamCountry "USA"]
[BlackTeamCountry "IND"]

1. d4 Nf6 2. Nf3 g6 3. g3 Bg7 4. Bg2 0-0 5. 0-0 d5 6. a4 c5 7. dxc5 Na6 8. a5 Nxc5 9. Nc3 Bg4 10. Be3 Rc8 11. Bd4 Bxf3 12. exf3 e6 13. f4 a6 14. Re1 Ne8 15. Ne2 Nd6 16. c3 Nb5 17. Be3 Nd6 18. Bd4 Nb5 19. Be3 Nd6 20. Bd4 Nb5 21. Be3 1/2-1/2

[Event "London TechM GCL"]
[Site "London"]
[Date "2024.10.03"]
[Round "1.1"]
[White "Yu, Yangyi"]
[Black "Svidler, Peter"]
[Result "1/2-1/2"]
[WhiteElo "2717"]
[BlackElo "2698"]
[PlyCount "80"]
[EventDate "2024.10.03"]
[EventType "team-tourn (rapid)"]
[EventRounds "10"]
[EventCountry "ENG"]
[SourceTitle "CB42_2024"]
[Source "ChessBase"]
[SourceDate "2024.10.16"]
[SourceVersion "1"]
[SourceVersionDate "2024.10.16"]
[SourceQuality "1"]
[WhiteTeam "American Gambits"]
[BlackTeam "Mumba Masters"]
[WhiteTeamCountry "USA"]
[BlackTeamCountry "IND"]

1. d4 Nf6 2. c4 g6 3. Nc3 d5 4. Nf3 Bg7 5. Qb3 dxc4 6. Qxc4 Be6 7. Qa4+ Bd7 8. Qa3 Bc6 9. Bg5 Qd6 10. Qb3 Ne4 11. e3 Nxg5 12. Nxg5 e6 13. Bc4 Nd7 14. 0-0 0-0 15. Rac1 Qe7 16. Nge4 Nb6 17. Be2 a5 18. a3 a4 19. Qa2 Bxe4 20. Nxe4 c6 21. Nc3 Rfd8 22. Rfd1 c5 23. dxc5 Qxc5 24. Qb1 Qa5 25. g3 Nd5 26. Nxd5 Rxd5 27. b4 axb3 28. Qxb3 Rxd1+ 29. Rxd1 Qxa3 30. Qxb7 Rf8 31. Rd7 Qb2 32. Qf3 Qf6 33. Qe4 Qe5 34. Qc4 Bf6 35. Kg2 Rd8 36. Rxd8+ Bxd8 37. Bf3 Bf6 38. h4 h5 39. Qe4 Qxe4 40. Bxe4 Kg7 1/2-1/2

[Event "Jerusalem Masters"]
[Site "Jerusalem"]
[Date "2024.09.25"]
[Round "9"]
[White "Dubov, Daniil"]
[Black "Svidler, Peter"]
[Result "1-0"]
[WhiteElo "2693"]
[BlackElo "2698"]
[PlyCount "61"]
[EventDate "2024.09.24"]
[EventType "tourn (rapid)"]
[EventRounds "9"]
[EventCountry "ISR"]
[EventCategory "15"]
[SourceTitle "EXT 2025"]
[Source "ChessBase"]
[SourceDate "2024.10.14"]
[SourceVersion "1"]
[SourceVersionDate "2024.10.14"]
[SourceQuality "1"]

1. e4 c5 2. Nf3 e6 3. d4 cxd4 4. Nxd4 Nc6 5. Nc3 Qc7 6. g3 a6 7. Bg2 h5 8. 0-0 h4 9. Re1 hxg3 10. hxg3 d6 11. Bg5 Nf6 12. Qd2 Be7 13. Nxc6 bxc6 14. e5 dxe5 15. Rxe5 0-0 16. Rae1 Rd8 17. Qf4 Bb7 18. Ne4 Nxe4 19. Bxe7 Qxe7 20. Bxe4 c5 21. Rh5 Bxe4 22. Rxe4 Rd1+ 23. Kg2 Rad8 24. Qh4 Qxh4 25. Rexh4 Kf8 26. Rxc5 Ke7 27. Ra4 R1d6 28. Kf3 f6 29. Rc7+ R8d7 30. Rxd7+ Kxd7 31. Ke3 1-0

[Event "Jerusalem Masters"]
[Site "Jerusalem"]
[Date "2024.09.25"]
[Round "7"]
[White "Postny, Evgeny"]
[Black "Svidler, Peter"]
[Result "0-1"]
[WhiteElo "2577"]
[BlackElo "2698"]
[PlyCount "100"]
[EventDate "2024.09.24"]
[EventType "tourn (rapid)"]
[EventRounds "9"]
[EventCountry "ISR"]
[EventCategory "15"]
[SourceTitle "EXT 2025"]
[Source "ChessBase"]
[SourceDate "2024.10.14"]
[SourceVersion "1"]
[SourceVersionDate "2024.10.14"]
[SourceQuality "1"]

1. d4 d5 2. c4 e6 3. Nf3 a6 4. cxd5 exd5 5. Nc3 h6 6. Bf4 Nf6 7. e3 Bd6 8. Bd3 0-0 9. Ne5 c5 10. 0-0 Re8 11. Rc1 c4 12. Bb1 b5 13. e4 dxe4 14. Nxe4 Nxe4 15. Bxe4 Ra7 16. Re1 Qf6 17. Bg3 Rae7 18. Re3 Bxe5 19. dxe5 Qb6 20. Bb1 Nc6 21. Qh5 Qd4 22. Rce1 Qg4 23. Qxg4 Bxg4 24. f3 Be6 25. Be4 Nd4 26. Rd1 Rd7 27. Kf2 b4 28. Bb1 Rc8 29. Re4 Nb5 30. Rxd7 Bxd7 31. Re1 Be6 32. Bf4 c3 33. bxc3 Nxc3 34. Bd3 a5 35. a3 bxa3 36. Ra1 a2 37. Bd2 a4 38. Ke3 Nd5+ 39. Kd4 Ne7 40. Ke3 g5 41. g4 Nd5+ 42. Kd4 Nf4 43. Be4 Rd8+ 44. Ke3 Ng2+ 45. Ke2 Bc4+ 46. Kd1 Nf4 47. Ke1 Nd3+ 48. Bxd3 Rxd3 49. f4 Rb3 50. Kf2 Rb2 0-1

[Event "Jerusalem Masters"]
[Site "Jerusalem"]
[Date "2024.09.25"]
[Round "6"]
[White "Svidler, Peter"]
[Black "Gorshtein, Ido"]
[Result "1-0"]
[WhiteElo "2698"]
[BlackElo "2543"]
[PlyCount "67"]
[EventDate "2024.09.24"]
[EventType "tourn (rapid)"]
[EventRounds "9"]
[EventCountry "ISR"]
[EventCategory "15"]
[SourceTitle "EXT 2025"]
[Source "ChessBase"]
[SourceDate "2024.10.14"]
[SourceVersion "1"]
[SourceVersionDate "2024.10.14"]
[SourceQuality "1"]

1. e4 c6 2. d4 d5 3. e5 Bf5 4. Nf3 e6 5. Be2 c5 6. 0-0 Nc6 7. c3 Bg4 8. Nbd2 cxd4 9. Nxd4 Bxe2 10. Qxe2 Nxd4 11. cxd4 Ne7 12. Nf3 Nc6 13. h4 Be7 14. h5 h6 15. Be3 0-0 16. Rad1 Qa5 17. a3 Rac8 18. Nh2 Qa6 19. Rd3 Kh8 20. Ng4 f5 21. exf6 Bxf6 22. Qd2 Kg8 23. Re1 Ne7 24. Bf4 Nf5 25. Nxf6+ Rxf6 26. Be5 Rf7 27. Rf3 Nd6 28. Rg3 Nf5 29. Rg6 Kh7 30. Qf4 Qd3 31. Rxe6 Rc2 32. Qg4 Rf8 33. Qg6+ Kg8 34. Re7 1-0